El cambio climatico (Registro nro. 772)
[ vista simple ]
| 000 -Cabecera | |
|---|---|
| Campo de control de longitud fija | 00613aam a2200241 4500 |
| 005 - Fecha y hora de la última transacción | |
| Campo de control | 20260114113712.0 |
| 008 - Elementos de longitud fija--Información general | |
| Campo de control de longitud fija | 150902b2009 xxu||||| |||| 00| 0 spa d |
| 020 ## - International Standard Book Number | |
| Número Internacional Estándar del Libro (ISBN) | 9786074552683 |
| 041 ## - Idioma | |
| Código de idioma | Español |
| 082 ## - Clasificación Decimal Dewey | |
| Número de clasificación | 363.739.2 R621c |
| 100 ## - Entrada principal--Autor personal | |
| Nombre personal | Rivera Ávila, Miguel Ángel |
| 9 (RLIN) | 20807 |
| 245 ## - Título propiamente dicho | |
| Título | El cambio climatico |
| 260 ## - Pie de imprenta | |
| Lugar de publicación, distribución, etc. | México |
| 260 ## - Pie de imprenta | |
| Nombre del editor, distribuidor, etc. | Tercer Milenio |
| 260 ## - Pie de imprenta | |
| Fecha de publicación, distribución, etc. | 2009 |
| 300 ## - Descripción física | |
| Extensión | 63 páginas |
| 490 ## - Serie | |
| Título de la Serie | Turismo |
| 650 ## - Materia general | |
| Temática (materia general) | CAMBIO CLIMÁTICO |
| 650 ## - Materia general | |
| Temática (materia general) | CONTAMINACIÓN DEL AIRE |
| 650 ## - Materia general | |
| Temática (materia general) | CONSECUENCIAS |
| 650 ## - Materia general | |
| Temática (materia general) | ALTERNATIVAS ANTE CAMBIO CLIMÁTICO |
| 942 ## - Punto de acceso adicional KOHA | |
| Tipo de ítem KOHA | Libro |
| Fuente del sistema de clasificación o colocación | Dewey Decimal Classification |
| Signatura completa | Código de barras | Programa Académico | Tipo de ítem |
|---|---|---|---|
| 363.739.2 R621c | 16856 | Turismo | Libro |
| 363.739.2 R621c | 16857 | Turismo | Libro |